00486nam a2200181 a 4500001001300000003000900013005001700022008004100039020001000080082001300090100001700103245005700120260004200177300000900219500003500228505002400263700001700287nice12345678IN_TiNIC20260116012205.0050524s1940 mada grp 000 0 eng  ac10000a201bJES aJesudason, S aReminiscences of a Pilgrim of Life, an Autobiography aMadrasbChandler Printing Pressc1940 a156p aincludes index and biblioraphy2 aIndex, Bibliography1 aJesudason, S